| 000 | 01099nas a2200373 4500 | ||
|---|---|---|---|
| 001 | BR0504444 | ||
| 003 | BR-BrBNA | ||
| 005 | 20231205105633.0 | ||
| 007 | ta | ||
| 008 | 230509b bl.|||p| |||| 00| 00por d | ||
| 040 |
_aBR-BrBNA _bpor _cBiblioteca Nacional de Agricultura |
||
| 041 | _a(Pt) | ||
| 072 | _aL01; L02 | ||
| 100 | 1 | _aSantos, D.T. dos | |
| 100 | 1 | _aRocha, M.G. da | |
| 100 | 1 | _aQuadros, F.L.F. de | |
| 100 | 1 | _aGenro, T.C.M. | |
| 100 | 1 | _aMontagner, D.B. | |
| 100 | 1 | _aGonçalves, E.N. | |
| 100 | 1 | _aRoman, J. | |
| 245 | 1 | _aSuplementos energéticos para recria de novilhas de corte em pastagens anuais; desempenho animal | |
| 650 | _aGADO DE CORTE | ||
| 650 | _aSUPLEMENTO ENERGÉTICO | ||
| 650 | _aRECRIA | ||
| 650 | _aPASTEJO | ||
| 650 | _aAVEIA FORRAGEIRA | ||
| 650 | _aAZEVÉM | ||
| 650 | _aPERFORMANCE | ||
| 650 | _aGANHO DE PESO | ||
| 650 | _aDIGESTIBILIDADE | ||
| 773 | 0 |
_tRevista Brasileira de Zootecnia (Brazil) _xISSN 1516-3598 _g(Jan-Feb 2005), v. 34(1) p. 209-219 _wBR0504444 |
|
| 909 |
_a202311 _bLúcia _c55 _dLúcia Elande |
||
| 942 |
_2AGRIS _n0 _cANA |
||
| 999 |
_c183897 _d183897 |
||